Adam Michnik: Svoju šancu sme nepremárnili

Rozhovor s poľským publicistom, historikom a komentátorom Adamom Michnikom. Téma rozhovoru - odchod premiéra DonaldaTuska do Bruselu, sankcie Európskej únie proti Rusku a ich vplyv na poľskú ekonomiku, postoj nemeckých politikov voči Putinovi a jeho politike, budúcoročné parlamentné voľby v Poľsku a...

Full description

Saved in:
Bibliographic Details
Main Author: Leško, Marián
Other Authors: Michnik, Adam
Format: Book Chapter
Language:Slovak
Subjects:
Tags: Add Tag
No Tags, Be the first to tag this record!

MARC

LEADER 00000naa a2200000 4500
001 0192442
005 20231113101655.3
041 0 |a slo 
044 |a SK 
245 1 0 |a Adam Michnik: Svoju šancu sme nepremárnili  |c Marián Leško, Adam Michnik 
520 |a Rozhovor s poľským publicistom, historikom a komentátorom Adamom Michnikom. Téma rozhovoru - odchod premiéra DonaldaTuska do Bruselu, sankcie Európskej únie proti Rusku a ich vplyv na poľskú ekonomiku, postoj nemeckých politikov voči Putinovi a jeho politike, budúcoročné parlamentné voľby v Poľsku a Občianska platforma, oligarchický systém z Východu, prečo je Poľsko úspešné vo využívaní eurofondov. 
610 2 0 |a politika vnútorná 
610 2 0 |a politika medzinárodná 
610 2 0 |a vzťahy medzinárodné 
610 2 0 |a Európska únia 
610 2 0 |a Poľsko 
610 2 0 |a fondy Európskej únie 
100 1 |a Leško, Marián 
700 1 |a Michnik, Adam